Holiday Quiz

Random Holiday or TV Show Quiz
Score 0/20 Timer 05:00
2 Plays Today
Hint Answer % Correct
The person Charlie Brown takes with him to buy the Christmas treeLinus
75.7%
The first network the program aired onCBS
66.4%
'And there were in the same country, shepherds abiding in the field, keeping watch over their _____ by night.'flock
64.4%
The New Testament book that Linus quotes fromThe Gospel of Luke
58.2%
The year the program first aired1965
57.1%
The creator of Charlie BrownCharles M. Schulz
55.8%
What the kids shout after Charlie Brown sees his little tree all decoratedMerry Christmas, Charlie Brown!
53.6%
The show opens with these lyricsChristmas time is here
51.7%
'I've _____ it . Everything I touch gets ruined.'killed
48%
Pantophobia is the fear of _____Everything
47.7%
Hint Answer % Correct
'Isn't there anyone who knows what _____ _____ _____ _____ ?'Christmas is all about?
47.4%
'Find the true meaning of Christmas! Win _____!'money, money, money
45%
The closing song sung by the Peanuts gangHark! The Herald Angels Sing
44.9%
The bill denominations Sally wants from SantaTens and twenties
40.7%
What Lucy really wants for ChristmasReal estate
37%
'Get hot water! Get some disinfectant! Get some _____!'iodine
34.6%
Whom does Charlie Brown sarcastically thank for a card?Violet
34.4%
The Beethoven piece Schroeder starts playing during rehearsalFür Elise
30.3%
The composer of the scoreVince Guaraldi
23.3%
The program's directorBill Meléndez
13.5%
Come Together.
Have Fun.
All Virtual.
We all need to come together. Play Sporcle's virtual live trivia to have fun, connect with people, and get your trivia on. Join a live hosted trivia game for your favorite pub trivia experience done virtually. If a virtual private party is more your thing, go here for details.

You're not logged in!

Compare scores with friends on all Sporcle quizzes.
OR
Log In

Sporcle TV

Today on Sporcle TV


Watch our educational content, quiz creation guides, and fun videos on Sporcle TV.

Show Comments

Extras

Top Quizzes Today


Score Distribution

Paid Content

Your Account Isn't Verified!

In order to create a playlist on Sporcle, you need to verify the email address you used during registration. Go to your Sporcle Settings to finish the process.

Report this User

Report this user for behavior that violates our Community Guidelines.

Details: